Estudios críticos / (Record no. 158353)

MARC details
000 -LEADER
campo de control de longitud fija 00992nam a2200253 i 4500
001 - NÚMERO DE CONTROL
campo de control 158353
003 - IDENTIFICADOR DE NÚMERO DE CONTROL
campo de control ES-MaACL
005 - FECHA Y HORA DE LA ÚLTIMA TRANSACCIÓN
campo de control 20250905140634.0
008 - DATOS DE LONGITUD FIJA--INFORMACIÓN GENERAL
campo de control de longitud fija 960730s1880 sp |||| | spa d
040 ## - FUENTE DE CATALOGACIÓN
Centro catalogador/agencia de origen CYL
Lengua de catalogación spa
Centro/agencia transcriptor CYL
100 0# - ENTRADA PRINCIPAL--NOMBRE DE PERSONA
Nombre de persona Macaulay, Thomas Babington Macaulay
Títulos y otros términos asociados al nombre Baron.
9 (RLIN) 75067
245 10 - MENCIÓN DEL TÍTULO
Título Estudios críticos /
Mención de responsabilidad, etc. por Lord Macaulay ; traducidos directamente del inglés por M. Juderías Bender.
260 ## - PUBLICACIÓN, DISTRIBUCIÓN, ETC.
Lugar de publicación, distribución, etc. Madrid :
Nombre del editor, distribuidor, etc. [s.n.],
Fecha de publicación, distribución, etc. 1880 (
Fabricante Imprenta central á cargo de Víctor Saiz)
300 ## - DESCRIPCIÓN FÍSICA
Extensión VIII, 383 p. ;
Dimensiones 19 cm.
490 1# - MENCIÓN DE SERIE
Mención de serie Biblioteca clásica ;
Designación de volumen o secuencia 30
600 14 - PUNTO DE ACCESO ADICIONAL DE MATERIA--NOMBRE DE PERSONA
Nombre de persona Bacon, Francis (
Fechas asociadas al nombre 1561-1626)
9 (RLIN) 154861
600 17 - PUNTO DE ACCESO ADICIONAL DE MATERIA--NOMBRE DE PERSONA
Nombre de persona Burghley, William Cecil,
Títulos y otros términos asociados al nombre Barón de,
Fechas asociadas al nombre 1520-1598
Fuente del encabezamiento o término
9 (RLIN) 162246
600 14 - PUNTO DE ACCESO ADICIONAL DE MATERIA--NOMBRE DE PERSONA
Nombre de persona Dryden, John (
Fechas asociadas al nombre 1631-1700)
9 (RLIN) 162247
600 14 - PUNTO DE ACCESO ADICIONAL DE MATERIA--NOMBRE DE PERSONA
Nombre de persona Addison, Joseph,
Fechas asociadas al nombre 1672-1719
9 (RLIN) 18423
700 1# - ENTRADA AGREGADA--NOMBRE PERSONAL
Nombre de persona Juderías Bender, Mariano.
9 (RLIN) 128389
830 0# - PUNTO DE ACCESO ADICIONAL DE SERIE-TÍTULO UNIFORME
Título uniforme Biblioteca clásica ;
Designación de volumen o secuencia 30
9 (RLIN) 180370
852 ## - LOCALIZACIÓN
Ubicación ES-MaACL
Número de control de estantería F-13132
Nota libre -- Enc. tela
Holdings
Estatus retirado Estado de pérdida Estado de daño No para préstamo Colección Biblioteca de origen Biblioteca actual Ubicación en estantería Fecha de adquisición Fuente de adquisición Total de préstamos Signatura topográfica completa Código de barras Visto por última vez Precio de reemplazo Tipo de ítem Koha
        Libros del s. XIX Biblioteca del Ateneo de Madrid Biblioteca del Ateneo de Madrid Sala Pecera Planta 2 17/01/2008     F-13132 1165735 23/02/2023 23/02/2023 Libro impreso antiguo